Top 10 U.S. States With the Most Hurrricanes - Statistics

General Stats
  • This quiz has been taken 41 times
  • The average score is 9 of 10
Answer Stats
# State % Correct
120 Florida
97%
14 Mississippi
97%
63 Louisiana
95%
23 Alabama
92%
58 North Carolina
87%
32 South Carolina
87%
13 Virginia
87%
21 Georgia
82%
64 Texas
82%
15 New York
66%
No matching quizzes found
Score Distribution
Percent of People with Each Score
Percentile by Number Answered
Your Score History
You have not taken this quiz